000 01775cam a2200133 4500500
005 20260405000205.0
041 _afre
042 _adc
100 1 0 _aEibel, Alfred
_eauthor
245 0 0 _aFritz Lang ou le dernier bond du tigre
260 _bKlincksieck,
_c2017.
520 _a« J'ai fréquenté Fritz Lang durant de nombreuses années. J'ai vu et revu la plupart de ses films. Le texte qui va suivre ne s'adresse pas à un public de cinéphiles. Les rapports souvent orageux avec Fritz Lang sont ici rapportés avec exactitude. Les rapports souterrains entre la vie de Fritz Lang et les personnages de ses films font partie de mon interprétation personnelle. Les critiques que j'ai pu lire à propos de son oeuvre, nombreuses, se recoupent ici et là et pourtant diffèrent sur bien des points. Aucun ne détient la vérité absolue.Je laisse de côté ceux qui, revoyant certains films, sont revenus sur leurs premières impressions. Leur enthousiasme a disparu. Certains considèrent l'oeuvre américaine du cinéaste comme un pis-aller dû à un exil forcé. Les quelques propositions que j'avance concernant les deux Tigre n'engagent que moi et peuvent aussi bien être refusées. Les lettres que Fritz Lang m'avait adressées, figurant en fin de volume, sont suffisamment parlantes pour que je m'abstienne de les commenter. Enfin, reconnaissons que cet homme n'a pas cédé un pouce en rapport avec ce qu'il voulait exprimer ; plus souvent qu'on ne l'imagine avec des budgets dérisoires. Il s'en est accommodé en tirant le meilleur parti possible, restant lui-même. Ce fut à la fois sa force et son anémie. » -Alfred Eibel
856 4 1 _uhttps://shs.cairn.info/fritz-lang-ou-le-dernier-bond-du-tigre--9782252040874?lang=fr&redirect-ssocas=7080
999 _c2034564
_d2034564